| 000 | 00465 a2200157 4500 | ||
|---|---|---|---|
| 020 | _a0-7121-0124-1 | ||
| 082 |
_a624.1773 BEL _bL-20-P-122 |
||
| 090 |
_c2818 _d2818 |
||
| 100 |
_aBELL,J BRIAN _943012 |
||
| 245 |
_aADVANCED THEORY OF STRUCTURES _bFRAMED ANALYSIS |
||
| 260 |
_aLONDON _bMACDONALD & EVAND LTD _c1974 |
||
| 300 | _c24CM | ||
| 500 | _aTHEORY OF STRUCTURES | ||
| 526 |
_a0 _b0 _c0 _d624_177300000000000_BEL_L20P12 |
||
| 942 |
_2ddc _aMCE _cBOOK _k624.1773 BEL |
||
| 999 |
_c546817 _d546817 |
||